000 01164nam a2200241 i 4500
005 20210818182023.0
008 s2018 ck abdogr 000 0 spa d
020 _a9789587223057
040 _aCOMFC
_bspa
_erda
110 2 _950079
_aCorporación Autónoma Regional de Risaralda - CARDER
245 1 0 _aGobernanza del agua ¡Vívela!
_bestrategia educativa para el fortalecimiento de la Gobernanza del Agua en acueductos comunitarios afectados por fenómenos de Variabilidad Climática y Cambio Climático en el departamento de Risaralda. Municipios de Apía, La Celia, Guática y Pueblo Rico
_cCARDER - UTP
264 _aPereira
_bUniversidad Tecnológica de Pereira
_c2018
300 _a36 páginas
_bilustraciones, gráficas, fotografías
336 _2rdacontent
_atxt
337 _2rdamedia
_an
338 _2rdacarrier
_anc
504 _aIncluye referencias bibliográficas al final de libro
710 2 _94521
_aUniversidad Tecnológica de Pereira
_eaut
082 0 4 _a333.9117
_bG574g
650 0 _932232
_aAgua
_vTrabajo de investigación
650 0 _953055
_aGobernanza del Agua
942 _2ddc
_h333.9117 G574g
_k333.9117
_mG574g
999 _c13782
_d13782